Využitie viazaných extrémov v ekonomických aplikáciách bakalárska práca

Enregistré dans:
Détails bibliographiques
Auteur principal: Kardelis, Ondrej
Collectivité auteur: Fakulta hospodárskej informatiky EU. Katedra matematiky
Autres auteurs: Šoltésová, Tatiana, 1975-
Format: Livre
Langue:slovaque
Publié: Bratislava 2012
Tags: Ajouter un tag
Pas de tags, Soyez le premier à ajouter un tag!

MARC

LEADER 00000nbm a2200000 4500
001 0156203
005 20161109111944.9
041 0 |a slo 
044 |a SK 
245 1 0 |a Využitie viazaných extrémov v ekonomických aplikáciách  |b bakalárska práca  |c Ondrej Kardelis ; školiteľ: Tatiana Šoltésová 
264 1 |a Bratislava  |c 2012 
300 |a 42 s. 
100 1 |a Kardelis, Ondrej 
700 1 |a Šoltésová, Tatiana, 1975- 
710 2 |a Fakulta hospodárskej informatiky EU. Katedra matematiky